Literature by Female Character Quiz Stats

 Plays Quiz Updated Aug 17, 2014

Support Sporcle.
Go Orange.
Score 0/30 Timer 06:00
0 Plays Today
% Correct
Harry Potter
94.5%
The Hunger Games
92%
Gone with the Wind
87.1%
To Kill a Mockingbird
86.6%
The Great Gatsby
81.6%
Little Women
81.5%
Pride and Prejudice
78.3%
Breakfast at Tiffany's
76.2%
One Flew Over the Cuckoo's Nest
75.7%
The Lord of the Rings
74.1%
The Girl with the Dragon Tattoo
73.1%
A Song of Ice and Fire
72.1%
The Scarlet Letter
71.8%
Great Expectations
71%
Hamlet
68.8%
% Correct
The Canterbury Tales
67.4%
Pygmalion
63.9%
Othello
63.6%
A Midsummer Night's Dream
61.6%
Wuthering Heights
60.8%
One Thousand and One Nights
58.5%
King Lear
55.7%
Misery
54.3%
The Joy Luck Club
52.5%
The Tale of Genji
50.6%
Mahabharata
48.7%
Vanity Fair
46%
The Hitchhiker's Guide to the Galaxy
45.6%
Oedipus the King
39.9%
Aeneid
37.6%

You're not logged in!

Compare scores with friends on all Sporcle quizzes.
OR
Log In

From the Vault

UNO Special Editions

by hatefulmissy

U NO you want all of these.
Remove Ads.
Support Sporcle.
Get the best of Sporcle when you Go Orange. This ad-free experience offers more features, more stats, and more fun while also helping to support Sporcle. Thank you for becoming a member.

Show Comments

Extras

Top Quizzes Today


Score Distribution

Your Account Isn't Verified!

In order to create a playlist on Sporcle, you need to verify the email address you used during registration. Go to your Sporcle Settings to finish the process.

Report this User

Report this user for behavior that violates our Community Guidelines.

Details: